000 00743nam a2200265Ia 4500
005 20260302114946.0
008 008 260114s9999 xx 000 0 eng d
020 _a9781666997989
037 _aTextbook
040 _aCRL
040 _beng
040 _cCRL
041 _2eng
041 _aeng
084 _qCRL
100 _aSlav N. Gratchev & Howard Mancing
_91120215
245 0 _aMikhail Bakhtin’s Heritage in Literature, Arts, and Psychology Art and Answerability
260 _bBloomsbury
260 _bLexington Books
260 _c2018
650 _aLiterary Studies
856 _uhttps://doi.org/10.5040/9781666997989?locatt=label:secondary_bloomsburyCollections
942 _cEBOOK
999 _c1684440
_d1684440